ARRUPE JESUIT UNIVERSITY

CORONAVIRUS -STOP THE SPREAD - CLEAN,DISINFECT,COVER

The living Shakespeare (Record no. 56973)

MARC details
000 -LEADER
fixed length control field 00576nam a2200217Ia 4500
003 - CONTROL NUMBER IDENTIFIER
control field 0100
008 - FIXED-LENGTH DATA ELEMENTS--GENERAL INFORMATION
fixed length control field 130303s9999 xx 000 0 und d
040 ## - CATALOGING SOURCE
Transcribing agency ARRUPELIB
050 ## - LIBRARY OF CONGRESS CALL NUMBER
Classification number PR2759.C34
100 ## - MAIN ENTRY--PERSONAL NAME
Personal name Shakespeare, William
245 #4 - TITLE STATEMENT
Title The living Shakespeare
245 ## - TITLE STATEMENT
Remainder of title twenty-two plays the sonnets
260 ## - PUBLICATION, DISTRIBUTION, ETC. (IMPRINT)
Place of publication, distribution, etc NY
260 ## - PUBLICATION, DISTRIBUTION, ETC. (IMPRINT)
Name of publisher, distributor, etc Macmillan
260 ## - PUBLICATION, DISTRIBUTION, ETC. (IMPRINT)
-- 1949
300 ## - PHYSICAL DESCRIPTION
Extent 1239p
650 ## - SUBJECT ADDED ENTRY--TOPICAL TERM
Topical term following geographic name as entry element Catholic Church in South Africa--History
650 ## - SUBJECT ADDED ENTRY--TOPICAL TERM
Location of event Oblates of Mary Immaculate in South Africa--History
700 ## - ADDED ENTRY--PERSONAL NAME
Personal name ed. by Oscar James Campbell
942 00 - ADDED ENTRY ELEMENTS (KOHA)
Koha issues (borrowed), all copies 1
Holdings
Withdrawn status Lost status Source of classification or shelving scheme Damaged status Not for loan Collection code Home library Current library Shelving location Date acquired Total Checkouts Full call number Barcode Date last seen Date checked out Copy number Price effective from Koha item type
    Library of Congress Classification     Main Collection ARRUPE LIBRARY ARRUPE LIBRARY   04/03/2013 1 PR2759.C34 46003060112 19/04/2016 21/04/2015 1 04/03/2013 Monograph ( Printed materials)

 

Arrupe Library. PO Box MP320 Mt Pleasant, Harare, Zimbabwe
263 242 745411|librarian@aju.ac.zw